[Event "VI Mitropa Cup femminile"]
[Site "Rogaska Slatina SLO"]
[Date "2009.05.14"]
[Round "5.2"]
[White "Zimina, Olga"]
[Black "Nicoara, Malina"]
[Result "1-0"]
[WhiteElo "2330"]
[BlackElo "2167"]
[PlyCount "73"]
[EventDate "2009.05.09"]

1. e4 c5 2. Nf3 g6 3. c3 Qa5 4. Na3 Nc6 5. Nc4 Qc7 6. d4 d6 7. d5 Ne5 8. Ncxe5
dxe5 9. Bb5+ Bd7 10. Bxd7+ Kxd7 11. Ng5 Nh6 12. O-O Bg7 13. f4 Raf8 14. Qa4+
Kc8 15. Qxa7 Ng4 16. h3 h6 17. Nf3 Nf6 18. Nxe5 Nxe4 19. Qa8+ Qb8 20. Qxb8+
Kxb8 21. Nd7+ Kc7 22. Nxf8 Rxf8 23. f5 g5 24. Re1 Nd6 25. Rxe7+ Kd8 26. Re1
Nxf5 27. a4 Kd7 28. a5 Ra8 29. Rf1 Nd6 30. Be3 Rc8 31. h4 f6 32. hxg5 hxg5 33.
Ra4 Nf7 34. Rc4 Kd6 35. b4 Kxd5 36. Rxc5+ Rxc5 37. Bxc5 1-0

[Event "VI Mitropa Cup femminile"]
[Site "Rogaska Slatina SLO"]
[Date "2009.05.15"]
[Round "6.1"]
[White "Krivec, Jana"]
[Black "Sedina, Elena"]
[Result "1/2-1/2"]
[WhiteElo "2322"]
[BlackElo "2351"]
[PlyCount "51"]
[EventDate "2009.05.09"]

1. e4 e6 2. d4 d5 3. Nd2 c5 4. Ngf3 Nc6 5. dxc5 Bxc5 6. Bd3 Nge7 7. O-O O-O 8.
Nb3 Bb6 9. e5 Ng6 10. Qe2 Bc7 11. Bxg6 fxg6 12. Bg5 Qe8 13. Nbd4 a6 14. c3 h6
15. Bd2 g5 16. h3 Qg6 17. g3 Qh5 18. Kg2 g4 19. hxg4 Qxg4 20. Rae1 Bd7 21. Rh1
Nxd4 22. Nxd4 Qxe2 23. Rxe2 Bb6 24. Be3 Bxd4 25. Bxd4 Rac8 26. Ra1 1/2-1/2

[Event "VI Mitropa Cup femminile"]
[Site "Rogaska Slatina SLO"]
[Date "2009.05.15"]
[Round "6.2"]
[White "Zimina, Olga"]
[Black "Srebrnic, Ana"]
[Result "0-1"]
[WhiteElo "2330"]
[BlackElo "2283"]
[PlyCount "118"]
[EventDate "2009.05.09"]

1. e4 e5 2. Nf3 Nf6 3. Nxe5 d6 4. Nf3 Nxe4 5. d4 d5 6. Bd3 Be7 7. O-O Nc6 8.
Nc3 Bf5 9. Re1 Nxc3 10. bxc3 Bxd3 11. Qxd3 O-O 12. c4 dxc4 13. Qxc4 Bf6 14. Bb2
Qd6 15. Re3 Qb4 16. Qxb4 Nxb4 17. Rb3 a5 18. a3 Nd5 19. Rxb7 Rfb8 20. Rxb8+
Rxb8 21. Re1 h6 22. Bc1 a4 23. Kf1 g5 24. h3 Rb1 25. Ne5 Nc3 26. Nc6 Nb5 27. d5
Bc3 28. Bd2 Rxe1+ 29. Kxe1 Bxd2+ 30. Kxd2 Nxa3 31. Kc3 Kf8 32. Nd4 Nb1+ 33. Kb2
Nd2 34. Ka3 Ne4 35. Nb5 Nxf2 36. Nxc7 Ke7 37. c4 Kd6 38. Nb5+ Kc5 39. d6 Kc6
40. Kxa4 Nd3 41. Kb3 Nf4 42. Kc3 Nxg2 43. Kd4 Nf4 44. Ke5 Ne6 45. Kf6 Kd7 46.
Kxf7 h5 47. Nc3 Kxd6 48. Kf6 g4 49. h4 Nf4 50. Ne4+ Kc6 51. Kg5 Ne2 52. Kxh5 g3
53. Nd2 Nd4 54. Nb3 Nxb3 55. Kh6 g2 56. h5 g1=Q 57. Kh7 Nd4 58. h6 Ne6 59. Kh8
Qg6 0-1

[Event "VI Mitropa Cup femminile"]
[Site "Rogaska Slatina SLO"]
[Date "2009.05.16"]
[Round "7.1"]
[White "Zimina, Olga"]
[Black "Rozic, Vesna"]
[Result "1/2-1/2"]
[WhiteElo "2330"]
[BlackElo "2249"]
[PlyCount "81"]
[EventDate "2009.05.09"]

1. e4 e6 2. d4 d5 3. Nd2 c5 4. Ngf3 Nc6 5. exd5 exd5 6. Bb5 Bd6 7. dxc5 Bxc5 8.
O-O Nge7 9. Nb3 Bd6 10. c3 O-O 11. Bg5 Qc7 12. Be2 Bd7 13. Re1 Rfe8 14. h3 h6
15. Be3 Nf5 16. Bc5 Bf4 17. Qxd5 Be6 18. Qd3 Rad8 19. Nbd4 Nfxd4 20. Bxd4 Bd5
21. Qb5 a6 22. Qa4 Nxd4 23. Nxd4 Bd2 24. Red1 Bg5 25. Bf3 Bxf3 26. Nxf3 Re2 27.
Nxg5 hxg5 28. Re1 Qe5 29. Rxe2 Qxe2 30. Qg4 Qxb2 31. Re1 Qxc3 32. Re7 Qc1+ 33.
Kh2 Qf4+ 34. Qxf4 gxf4 35. Rxb7 Rd2 36. Rb8+ Kh7 37. Rb7 Rxa2 38. Rxf7 Rxf2 39.
Kg1 Ra2 40. Rxf4 a5 41. Kh2 1/2-1/2

[Event "XXVII Festival Isola d'Elba A"]
[Site "Capoliveri ITA"]
[Date "2009.05.??"]
[Round "1"]
[White "Acunzo, Domenico"]
[Black "Scipioni, Gaetano"]
[Result "1/2-1/2"]
[WhiteElo "1830"]
[BlackElo "2060"]
[PlyCount "54"]
[EventDate "2009.05.10"]

1. e4 d6 2. d4 Nf6 3. Nc3 c6 4. f4 Qa5 5. Bd3 e5 6. Nf3 Nbd7 7. O-O Be7 8. Kh1
O-O 9. Ne2 b5 10. fxe5 dxe5 11. Ng3 Re8 12. Bd2 Qc7 13. c3 Nf8 14. Qc2 Ng6 15.
Rae1 Bg4 16. Ng5 h6 17. Nf3 Bxf3 18. Rxf3 Rad8 19. Nf5 Bf8 20. Nxh6+ gxh6 21.
Rxf6 Bg7 22. Rf3 exd4 23. cxd4 Rxd4 24. Bc3 Rd7 25. Bxg7 Kxg7 26. Rg3 Kf8 27.
Qd2 Qf4 1/2-1/2

[Event "XXVII Festival Isola d'Elba A"]
[Site "Capoliveri ITA"]
[Date "2009.05.??"]
[Round "1"]
[White "Bossoni, Mario"]
[Black "Facchetti, Gianni"]
[Result "0-1"]
[WhiteElo "1973"]
[BlackElo "2174"]
[PlyCount "104"]
[EventDate "2009.05.10"]

1. e4 e5 2. Bc4 Nf6 3. Qe2 Be7 4. d3 d6 5. h3 c6 6. Nd2 a5 7. a3 O-O 8. Nf1 d5
9. Ba2 dxe4 10. dxe4 Na6 11. Ng3 Nc5 12. Nf3 Qc7 13. Bg5 Ne6 14. Nf5 Nxg5 15.
Nxe7+ Qxe7 16. Nxg5 h6 17. Nf3 b5 18. Nh4 Qc5 19. O-O Kh7 20. Rfe1 g6 21. c4 b4
22. Qf3 Kg7 23. axb4 axb4 24. Bb3 Be6 25. Rxa8 Rxa8 26. Rd1 Qe7 27. Qg3 Nd7 28.
c5 Nxc5 29. Bxe6 Qxe6 30. Nf5+ Kh7 31. Qe3 gxf5 32. Qxc5 fxe4 33. Rd6 Ra1+ 34.
Kh2 Qf5 35. Qe3 Qf4+ 36. Qxf4 exf4 37. Rxc6 Rf1 38. Rc4 f5 39. Rxb4 Rxf2 40.
Kg1 Rd2 41. Rb6 Rd3 42. Kf1 Kg7 43. b4 f3 44. gxf3 Rxf3+ 45. Kg2 Rb3 46. h4 h5
47. b5 Kf7 48. Rb7+ Kf6 49. b6 Ke5 50. Rb8 Kf4 51. Rb7 Rb2+ 52. Kf1 Kf3 0-1

[Event "XXVII Festival Isola d'Elba A"]
[Site "Capoliveri ITA"]
[Date "2009.05.??"]
[Round "1"]
[White "Cacinschi, Alexandru"]
[Black "Pepino, Enrico"]
[Result "1/2-1/2"]
[WhiteElo "1949"]
[BlackElo "2148"]
[PlyCount "81"]
[EventDate "2009.05.10"]

1. e4 d6 2. c4 c5 3. Nf3 Nc6 4. d4 cxd4 5. Nxd4 Nf6 6. Nc3 g6 7. f3 Bg7 8. Be3
O-O 9. Be2 Nxd4 10. Bxd4 Be6 11. O-O Qa5 12. Nd5 Bxd5 13. cxd5 Rfc8 14. a3 Nd7
15. Bxg7 Kxg7 16. Qd4+ Kg8 17. Rac1 Qb6 18. Qxb6 Nxb6 19. Kf2 Kf8 20. Ke3 Ke8
21. f4 e6 22. dxe6 fxe6 23. h4 Ke7 24. g4 d5 25. Bd3 Nc4+ 26. Bxc4 dxc4 27. f5
b5 28. f6+ Kd6 29. Rfd1+ Ke5 30. g5 h6 31. Rd7 hxg5 32. hxg5 Rh8 33. Rg7 Rad8
34. Rxg6 Rd3+ 35. Kf2 Rh2+ 36. Kg1 Rdd2 37. Rg7 Rdg2+ 38. Kf1 Rxb2 39. Kg1
Rbg2+ 40. Kf1 Rf2+ 41. Kg1 1/2-1/2

[Event "XXVII Festival Isola d'Elba A"]
[Site "Capoliveri ITA"]
[Date "2009.05.??"]
[Round "1"]
[White "Colombo, Paolo"]
[Black "Petrolo, Mauro"]
[Result "0-1"]
[WhiteElo "2138"]
[BlackElo "1946"]
[PlyCount "58"]
[EventDate "2009.05.10"]

1. d4 Nf6 2. Nf3 g6 3. c4 Bg7 4. Nc3 d5 5. Bg5 Ne4 6. Bf4 Nxc3 7. bxc3 c5 8. e3
cxd4 9. exd4 Nc6 10. Be2 dxc4 11. Bxc4 O-O 12. O-O Bg4 13. Be2 Rc8 14. Rc1 Qa5
15. Qb3 Qf5 16. Bg3 Na5 17. Qa4 Bxf3 18. Bxf3 Bh6 19. Rce1 b6 20. Rxe7 Rxc3 21.
Rxa7 Rd8 22. Qb4 Rdc8 23. h3 Rxf3 24. gxf3 Nc6 25. Qxb6 Nxa7 26. Qxa7 Qxh3 27.
Rb1 Be3 28. Be5 Qxf3 29. fxe3 Qxe3+ 0-1

[Event "XXVII Festival Isola d'Elba A"]
[Site "Capoliveri ITA"]
[Date "2009.05.??"]
[Round "1"]
[White "Cordara, Michele"]
[Black "Picone, Franco"]
[Result "1/2-1/2"]
[WhiteElo "2093"]
[BlackElo "1886"]
[PlyCount "30"]
[EventDate "2009.05.10"]

1. Nf3 Nf6 2. c4 e6 3. g3 c5 4. Bg2 Nc6 5. O-O Be7 6. d4 d5 7. cxd5 exd5 8.
dxc5 Bxc5 9. Nc3 Be6 10. Bg5 Be7 11. Nd4 Nxd4 12. Qxd4 O-O 13. Rfd1 Qa5 14.
Rac1 Rfd8 15. e3 Rac8 1/2-1/2

[Event "XXVII Festival Isola d'Elba A"]
[Site "Capoliveri ITA"]
[Date "2009.05.??"]
[Round "1"]
[White "Evangelisti, Claudio R."]
[Black "Ricci, Alfredo"]
[Result "1/2-1/2"]
[WhiteElo "2260"]
[BlackElo "2024"]
[PlyCount "134"]
[EventDate "2009.05.10"]

1. c4 Nf6 2. d4 g6 3. Nc3 d5 4. Bg5 c6 5. Bxf6 exf6 6. cxd5 cxd5 7. Qb3 Be6 8.
g3 Nc6 9. Rd1 Qd7 10. Bg2 Rd8 11. e3 Bg7 12. Nge2 g5 13. Qa3 Ne7 14. Qxa7 O-O
15. O-O f5 16. Qa4 Qd6 17. Rc1 Ng6 18. f4 h6 19. Qb5 Ne7 20. Qc5 Qd7 21. b3 Rc8
22. Qa3 Rfe8 23. Na4 Rxc1 24. Rxc1 Qb5 25. Bf1 Qd3 26. Rc3 Qa6 27. Nc1 Qa7 28.
Qc5 Qa8 29. Nb6 Qb8 30. Nd3 Nc6 31. Ne5 gxf4 32. gxf4 Bf8 33. Qb5 Qa7 34. Nxc6
bxc6 35. Qxc6 Qa5 36. a3 Rb8 37. Na4 Bxa3 38. Qa6 Qb4 39. Qd3 Qd6 40. Nc5 Rc8
41. Na4 Rb8 42. Bh3 Kh8 43. Rc2 Qb4 44. Rc3 Qf8 45. Nc5 Qg7+ 46. Kf2 Rg8 47.
Qf1 Qf6 48. Ke2 Bc8 49. Qf2 Qg6 50. Rc2 Bb4 51. Ra2 Qb6 52. Kf3 Bxc5 53. dxc5
Qxc5 54. Qb2+ Rg7 55. Qf6 d4 56. Qd8+ Kh7 57. Qa5 Qc6+ 58. Ke2 Rg2+ 59. Bxg2
Qxg2+ 60. Kd1 Qg1+ 61. Qe1 Qg4+ 62. Kd2 Qg2+ 63. Qe2 dxe3+ 64. Kxe3 Qe4+ 65.
Kd2 Qxf4+ 66. Kc3 Be6 67. Qd2 Qf3+ 1/2-1/2

[Event "XXVII Festival Isola d'Elba A"]
[Site "Capoliveri ITA"]
[Date "2009.05.??"]
[Round "1"]
[White "Guerrini, Donato"]
[Black "Ljubisavljevic, Zivojin Z."]
[Result "0-1"]
[WhiteElo "2032"]
[BlackElo "2278"]
[PlyCount "76"]
[EventDate "2009.05.10"]

1. Nf3 g6 2. g3 Bg7 3. Bg2 e5 4. d3 d5 5. Nbd2 Ne7 6. O-O O-O 7. e4 dxe4 8.
Nxe4 h6 9. Re1 Nbc6 10. Bd2 f5 11. Nc3 f4 12. h3 Nf5 13. Ne4 Ncd4 14. Bb4 Rf7
15. c3 Nxf3+ 16. Bxf3 a5 17. Ba3 a4 18. Qe2 Bd7 19. Rad1 Bc6 20. Kh2 fxg3+ 21.
fxg3 Bd5 22. Nd2 c6 23. Bxd5 Qxd5 24. Qe4 Qxa2 25. Nc4 Re8 26. g4 Nh4 27. Rf1
Qb3 28. Nd2 Qd5 29. Rxf7 Qxf7 30. Rf1 Qd5 31. Nc4 Rd8 32. Be7 Qxd3 33. Qxd3
Rxd3 34. Bxh4 b5 35. Na3 e4 36. Nc2 a3 37. Nxa3 Rd2+ 38. Kg3 Be5+ 0-1

[Event "XXVII Festival Isola d'Elba A"]
[Site "Capoliveri ITA"]
[Date "2009.05.??"]
[Round "1"]
[White "Horton-Kitchlew, Andrew"]
[Black "Bardelli, Alberto"]
[Result "0-1"]
[WhiteElo "2052"]
[BlackElo "1802"]
[PlyCount "102"]
[EventDate "2009.05.10"]

1. e4 c5 2. Bc4 e6 3. Nc3 a6 4. a3 b5 5. Ba2 d6 6. d3 Nf6 7. g4 Be7 8. g5 Nfd7
9. f4 Bb7 10. Qg4 Nc6 11. Nf3 Qb6 12. Be3 b4 13. axb4 Nxb4 14. Bb3 Nxd3+ 15.
Kd2 Nb4 16. f5 d5 17. exd5 exd5 18. Na4 Qc6 19. Bf4 O-O 20. f6 Bd6 21. fxg7
Rfe8 22. c3 c4 23. Nd4 Bxf4+ 24. Qxf4 Qg6 25. Qf5 cxb3 26. Qxg6 hxg6 27. cxb4
Re4 28. Nxb3 Rxb4 29. Nac5 Nxc5 30. Nxc5 Rxb2+ 31. Kc3 Rb5 32. Nxb7 Rxb7 33.
Ra5 Rd7 34. Kd4 Kxg7 35. h4 f5 36. Rh2 Kf7 37. Rh3 Rd6 38. Rh1 Re8 39. Kc5 Ree6
40. Kd4 Re4+ 41. Kc5 Ke7 42. Rc1 Rxh4 43. Ra2 d4 44. Rb2 d3 45. Rd1 Rg4 46. Rb3
f4 47. Rb7+ Rd7 48. Re1+ Kd8 49. Rb8+ Kc7 50. Reb1 Rxg5+ 51. Kc4 d2 0-1

[Event "XXVII Festival Isola d'Elba A"]
[Site "Capoliveri ITA"]
[Date "2009.05.??"]
[Round "1"]
[White "Mazzetta, Renato"]
[Black "Novelli, Cristiano"]
[Result "1/2-1/2"]
[WhiteElo "1907"]
[BlackElo "2099"]
[PlyCount "22"]
[EventDate "2009.05.10"]

1. e4 e5 2. Nc3 Nc6 3. g3 Bc5 4. Bg2 Nf6 5. d3 d6 6. h3 Be6 7. Na4 Bb6 8. Nxb6
axb6 9. Ne2 O-O 10. O-O Qd7 11. Kh2 Rfd8 1/2-1/2

[Event "XXVII Festival Isola d'Elba A"]
[Site "Capoliveri ITA"]
[Date "2009.05.10"]
[Round "1"]
[White "Ortega, Lexy"]
[Black "Codenotti, Marco"]
[Result "1-0"]
[WhiteElo "2442"]
[BlackElo "2035"]
[PlyCount "91"]
[EventDate "2009.05.10"]

1. d4 Nf6 2. Nf3 g6 3. Nc3 d5 4. Bf4 Bg7 5. e3 O-O 6. Be2 c5 7. Ne5 cxd4 8.
exd4 Nc6 9. Qd2 Nd7 10. Nf3 Nf6 11. O-O-O a6 12. Ne5 Be6 13. h4 Nxe5 14. Bxe5
b5 15. a3 Qa5 16. f3 Qb6 17. g4 Rfc8 18. h5 b4 19. axb4 Qxb4 20. hxg6 fxg6 21.
Na2 Qxd2+ 22. Kxd2 Nd7 23. Bxg7 Kxg7 24. Nb4 a5 25. Nd3 Bf7 26. Ra1 Re8 27. f4
g5 28. fxg5 e5 29. dxe5 Nxe5 30. Nf4 Nc4+ 31. Bxc4 dxc4 32. Rhe1 Reb8 33. Kc3
Rb5 34. Ne6+ Bxe6 35. Rxe6 Rc8 36. Re7+ Kg6 37. Rh1 Rcb8 38. Rhxh7 Kxg5 39. Re4
Kg6 40. Rh5 Rxb2 41. Rxa5 Rb1 42. Rxc4 R8b6 43. Rac5 Rg1 44. Rc6+ Rxc6 45.
Rxc6+ Kg5 46. Rc4 1-0

[Event "XXVII Festival Isola d'Elba A"]
[Site "Capoliveri ITA"]
[Date "2009.05.??"]
[Round "1"]
[White "Paleologu, Vladimir"]
[Black "Giacometto, Mario"]
[Result "1-0"]
[WhiteElo "2191"]
[BlackElo "1974"]
[PlyCount "59"]
[EventDate "2009.05.10"]

1. e4 e6 2. d4 d5 3. e5 c5 4. c3 Nc6 5. g3 Bd7 6. Ne2 f5 7. Nf4 Nh6 8. Be3 c4
9. Bg2 Nf7 10. O-O Be7 11. Nxd5 exd5 12. Bxd5 Ncxe5 13. dxe5 Nxe5 14. Bd4 Bc6
15. Bxc6+ Nxc6 16. Bxg7 Qxd1 17. Rxd1 Rg8 18. Bh6 Rd8 19. Nd2 Rg6 20. Bf4 b5
21. Nf3 a5 22. Rxd8+ Kxd8 23. Rd1+ Ke8 24. Rd5 b4 25. Ne5 bxc3 26. bxc3 Nxe5
27. Rxe5 a4 28. Kg2 Rb6 29. Bg5 Rb7 30. Kf3 1-0

[Event "XXVII Festival Isola d'Elba A"]
[Site "Capoliveri ITA"]
[Date "2009.05.??"]
[Round "1"]
[White "Paolinelli, Giacomo"]
[Black "Schiappoli, Dario"]
[Result "1/2-1/2"]
[WhiteElo "2171"]
[BlackElo "1959"]
[PlyCount "60"]
[EventDate "2009.05.10"]

1. e4 c5 2. Nc3 Nc6 3. g3 g6 4. Bg2 Bg7 5. d3 e6 6. Be3 Nd4 7. Nce2 Nxe2 8.
Nxe2 Bxb2 9. Rb1 Qa5+ 10. Bd2 Qxa2 11. Rxb2 Qxb2 12. Bc3 Qa3 13. Bxh8 f6 14. e5
d5 15. exf6 Kf7 16. O-O Bd7 17. Nf4 Nh6 18. Bg7 Nf5 19. Qe1 Re8 20. Qe5 Qa4 21.
Ra1 Qd4 22. Qe1 Nxg7 23. c3 Qxf6 24. Rxa7 Bc6 25. c4 Re7 26. Qe3 d4 27. Qe2
Bxg2 28. Kxg2 g5 29. Nh5 Nxh5 30. Qxh5+ Kg7 1/2-1/2

[Event "XXVII Festival Isola d'Elba A"]
[Site "Capoliveri ITA"]
[Date "2009.05.??"]
[Round "1"]
[White "Schaberg, Wolfgang"]
[Black "Pulito, Alberto"]
[Result "0-1"]
[WhiteElo "1982"]
[BlackElo "2256"]
[PlyCount "64"]
[EventDate "2009.05.10"]

1. e4 e6 2. d4 d5 3. e5 c5 4. c3 Qb6 5. Nf3 Nc6 6. a3 Nh6 7. b4 cxd4 8. cxd4
Nf5 9. Be3 f6 10. b5 Nxe3 11. fxe3 Nxe5 12. Nxe5 fxe5 13. Qh5+ g6 14. Qxe5 Rg8
15. Be2 Bg7 16. Qg3 Qa5+ 17. Nd2 Qc3 18. Rb1 e5 19. Rb3 Qc1+ 20. Bd1 Bf5 21. e4
dxe4 22. Rc3 Qa1 23. O-O exd4 24. Rc7 d3 25. Bb3 Qd4+ 26. Kh1 Be5 27. Qh4 Bxc7
28. Bxg8 Be5 29. Rxf5 gxf5 30. Qh5+ Kd8 31. Qxf5 Rc8 32. Nb3 Qa1+ 0-1

[Event "XXVII Festival Isola d'Elba A"]
[Site "Capoliveri ITA"]
[Date "2009.05.??"]
[Round "2"]
[White "Bardelli, Alberto"]
[Black "Evangelisti, Claudio R."]
[Result "0-1"]
[WhiteElo "1802"]
[BlackElo "2260"]
[PlyCount "42"]
[EventDate "2009.05.10"]

1. e4 g6 2. d4 Bg7 3. Be3 d6 4. Nc3 c6 5. Qd2 b5 6. O-O-O Qa5 7. Kb1 Nd7 8. h4
h5 9. Nh3 Nb6 10. f3 Rb8 11. Bd3 Be6 12. b3 Nf6 13. Nf4 Bc4 14. Nce2 Qxd2 15.
Bxd2 Bxd3 16. Nxd3 Nbd7 17. Nb4 Rc8 18. Bc1 a5 19. Nd3 c5 20. Bb2 c4 21. Nef4
cxd3 0-1

[Event "XXVII Festival Isola d'Elba A"]
[Site "Capoliveri ITA"]
[Date "2009.05.??"]
[Round "2"]
[White "Codenotti, Marco"]
[Black "Schaberg, Wolfgang"]
[Result "1-0"]
[WhiteElo "2035"]
[BlackElo "1982"]
[PlyCount "71"]
[EventDate "2009.05.10"]

1. e4 c5 2. Nf3 Nc6 3. d4 cxd4 4. Nxd4 Nf6 5. Nc3 d6 6. Bg5 e6 7. Qd2 Be7 8.
O-O-O a6 9. f4 O-O 10. Be2 Nxd4 11. Qxd4 Qa5 12. Bf3 h6 13. Bh4 e5 14. Qd2 Nxe4
15. Nxe4 Qxa2 16. Qf2 Bxh4 17. Qxh4 Qa1+ 18. Kd2 Qxb2 19. Ke2 Qxc2+ 20. Rd2
Qc4+ 21. Kf2 d5 22. Rxd5 f5 23. Nd2 Qb4 24. Rb1 Qxf4 25. Qxf4 exf4 26. Nc4 b5
27. Nb6 Ra7 28. Nxc8 Rxc8 29. Rxf5 Rc2+ 30. Kf1 g5 31. Ra1 Rb2 32. Rf6 a5 33.
Rxh6 Kg7 34. Rb6 a4 35. Bc6 Rc7 36. Rxb5 1-0

[Event "XXVII Festival Isola d'Elba A"]
[Site "Capoliveri ITA"]
[Date "2009.05.??"]
[Round "2"]
[White "Colombo, Paolo"]
[Black "Guerrini, Donato"]
[Result "1-0"]
[WhiteElo "2138"]
[BlackElo "2032"]
[PlyCount "63"]
[EventDate "2009.05.10"]

1. d4 Nf6 2. Nf3 g6 3. c4 c5 4. Nc3 Bg7 5. e4 cxd4 6. Nxd4 d6 7. Be2 O-O 8. O-O
Nc6 9. Be3 Be6 10. Qd2 Ne5 11. b3 Neg4 12. Bg5 Qb6 13. Rad1 a6 14. Nxe6 fxe6
15. Bxg4 Nxg4 16. Na4 Qc7 17. h3 Nf6 18. Rfe1 Rf7 19. e5 dxe5 20. Be3 Ne4 21.
Qd7 Qxd7 22. Rxd7 b5 23. Nb6 Raf8 24. c5 Nxf2 25. c6 Ne4 26. c7 Nd6 27. Rd8 e4
28. Rd1 Bc3 29. R1xd6 Rf1+ 30. Kh2 Be5+ 31. g3 Bxd6 32. c8=Q 1-0

[Event "XXVII Festival Isola d'Elba A"]
[Site "Capoliveri ITA"]
[Date "2009.05.11"]
[Round "2"]
[White "Facchetti, Gianni"]
[Black "Ortega, Lexy"]
[Result "0-1"]
[WhiteElo "2174"]
[BlackElo "2442"]
[PlyCount "100"]
[EventDate "2009.05.10"]

1. e4 c5 2. Nf3 d6 3. d4 cxd4 4. Qxd4 a6 5. Be3 e5 6. Qd2 Nf6 7. Nc3 Be7 8. h3
Nbd7 9. a4 b6 10. Bc4 Bb7 11. Bd5 Bxd5 12. Nxd5 Nxe4 13. Qb4 Nef6 14. Nxe7 Qxe7
15. O-O-O d5 16. Qxe7+ Kxe7 17. Rhe1 Kd6 18. Ng5 Rhf8 19. f4 e4 20. Bd2 a5 21.
Bc3 Kc6 22. h4 h6 23. Nh3 Rfe8 24. Ng1 Nc5 25. b3 Ng4 26. Bd4 Ne6 27. Ne2 g6
28. f5 Nxd4 29. Nxd4+ Kc5 30. Re2 Rad8 31. c3 g5 32. Rf1 gxh4 33. Rh1 Rg8 34.
Rxh4 Rg5 35. Kd2 h5 36. Ke1 Rdg8 37. Nc2 Rxf5 38. b4+ Kd6 39. bxa5 bxa5 40. Nd4
Rfg5 41. Rb2 Ne3 42. Rb6+ Kc7 43. Rc6+ Kd7 44. Ke2 Nf5 45. Nxf5 Kxc6 46. Ne7+
Kc5 47. Nxg8 Rxg2+ 48. Ke3 Rxg8 49. Rxh5 Rg3+ 50. Kd2 Kc4 0-1

[Event "XXVII Festival Isola d'Elba A"]
[Site "Capoliveri ITA"]
[Date "2009.05.??"]
[Round "2"]
[White "Giacometto, Mario"]
[Black "Horton-Kitchlew, Andrew"]
[Result "0-1"]
[WhiteElo "1974"]
[BlackElo "2052"]
[PlyCount "80"]
[EventDate "2009.05.10"]

1. e4 e5 2. Qh5 Nc6 3. Bc4 g6 4. Qf3 Nf6 5. Ne2 Bg7 6. d3 Na5 7. Nbc3 Nxc4 8.
dxc4 d6 9. h3 Be6 10. b3 a6 11. Bg5 h6 12. Be3 O-O 13. O-O Nh5 14. g4 Nf4 15.
Bxf4 exf4 16. Nxf4 Qg5 17. Ncd5 Bxd5 18. Nxd5 Bxa1 19. Rxa1 c6 20. Ne3 Rae8 21.
Rd1 Re6 22. Qg3 Rd8 23. h4 Qa5 24. f3 Qxa2 25. Qf4 Kg7 26. g5 h5 27. e5 dxe5
28. Qe4 Rxd1+ 29. Nxd1 Qb1 30. Qd3 Qa1 31. c3 Qa3 32. b4 Qc1 33. Kg2 Qf4 34.
Kh3 e4 35. Qd4+ Kh7 36. fxe4 Rxe4 37. Qf6 Qg4+ 38. Kh2 Re2+ 39. Nf2 Qxh4+ 40.
Kg2 Qxf2+ 0-1

[Event "XXVII Festival Isola d'Elba A"]
[Site "Capoliveri ITA"]
[Date "2009.05.??"]
[Round "2"]
[White "Ljubisavljevic, Zivojin Z."]
[Black "Paleologu, Vladimir"]
[Result "1-0"]
[WhiteElo "2278"]
[BlackElo "2191"]
[PlyCount "121"]
[EventDate "2009.05.10"]

1. d4 g6 2. e4 Bg7 3. c3 d6 4. f4 e6 5. Nf3 Ne7 6. Bd3 Nd7 7. O-O O-O 8. Qe1 c5
9. f5 exf5 10. exf5 cxd4 11. cxd4 Nc6 12. fxg6 fxg6 13. Qe6+ Kh8 14. Qxd6 Nb6
15. Qxd8 Rxd8 16. Bg5 Rd6 17. Nc3 Nxd4 18. Be4 Nc4 19. Bf4 Rb6 20. b3 Ne6 21.
Bg3 Bxc3 22. bxc4 Bxa1 23. Rxa1 Nc5 24. Bd5 Be6 25. Bf2 Rc8 26. Re1 Bxd5 27.
cxd5 Rd6 28. Bd4+ Kg8 29. Re7 Rd7 30. Bxc5 Rxe7 31. Bxe7 Kf7 32. Bh4 Rc1+ 33.
Kf2 Rd1 34. Ne5+ Ke8 35. Ng4 b5 36. Bg3 b4 37. d6 Kd7 38. Ke2 Rd4 39. Nf6+ Kd8
40. Ke3 Rd1 41. Nxh7 a5 42. Nf8 Ke8 43. Ne6 Kd7 44. Nc5+ Kc6 45. Ke2 Rd5 46.
Nd3 Rd4 47. Kd2 Rd5 48. Kc2 Kb5 49. h4 a4 50. Bf4 Rd4 51. g3 Rc4+ 52. Kb1 Rd4
53. Nc1 Kc6 54. Kc2 Rc4+ 55. Kd2 Rd4+ 56. Nd3 Kb5 57. Ke3 Rd5 58. Ke4 Rf5 59.
d7 Rf8 60. Bg5 b3 61. axb3 1-0

[Event "XXVII Festival Isola d'Elba A"]
[Site "Capoliveri ITA"]
[Date "2009.05.??"]
[Round "2"]
[White "Pepino, Enrico"]
[Black "Mazzetta, Renato"]
[Result "0-1"]
[WhiteElo "2148"]
[BlackElo "1907"]
[PlyCount "80"]
[EventDate "2009.05.10"]

1. d4 Nf6 2. Nf3 d5 3. c4 c6 4. Nc3 e6 5. e3 Nbd7 6. Qc2 Bd6 7. g4 dxc4 8. g5
Nd5 9. Bxc4 N7b6 10. Be2 Qe7 11. Bd2 Bd7 12. a3 Nxc3 13. Bxc3 Nd5 14. Bd2 e5
15. e4 Nf4 16. Bxf4 exf4 17. e5 Bc7 18. O-O-O Be6 19. Qe4 O-O-O 20. Qxf4 c5 21.
Kb1 Kb8 22. h4 Rd7 23. dxc5 Rxd1+ 24. Rxd1 Qxc5 25. Nd4 Bc8 26. Qxf7 Rf8 27.
Qc4 Qxe5 28. f3 Bb6 29. Nc2 Bf5 30. Bd3 Rc8 31. Qb3 Be6 32. Qb5 Qd6 33. Be2 Qc7
34. Qd3 Ka8 35. Ne1 Qc5 36. Qd6 Bf5+ 37. Ka2 Qe3 38. Qd2 Be6+ 39. Ka1 Qxd2 40.
Rxd2 Rc1# 0-1

[Event "XXVII Festival Isola d'Elba A"]
[Site "Capoliveri ITA"]
[Date "2009.05.??"]
[Round "2"]
[White "Picone, Franco"]
[Black "Paolinelli, Giacomo"]
[Result "0-1"]
[WhiteElo "1886"]
[BlackElo "2171"]
[PlyCount "74"]
[EventDate "2009.05.10"]

1. d4 d5 2. Bf4 Nf6 3. Nf3 c5 4. e3 Nc6 5. c3 Qb6 6. Qc1 Bf5 7. h3 h6 8. Nbd2
e6 9. Be2 Be7 10. O-O O-O 11. a4 a5 12. Ne5 Rfc8 13. Ndf3 Bh7 14. Bd3 Bxd3 15.
Nxd3 c4 16. Nde5 Qa6 17. Qc2 b5 18. Nxc6 Rxc6 19. Ne5 Rb6 20. Rfb1 b4 21. f3
Qb7 22. Ng4 Rc8 23. Nxf6+ Bxf6 24. e4 bxc3 25. bxc3 Rb3 26. Bd6 Rd8 27. e5 Bg5
28. g3 Rd7 29. f4 Be7 30. Bxe7 Rxe7 31. Rxb3 cxb3 32. Qb2 Qb6 33. Rb1 Rb7 34.
Kf2 Qc6 35. Ra1 Rc7 36. Qxb3 Qxc3 37. Qxc3 Rxc3 0-1

[Event "XXVII Festival Isola d'Elba A"]
[Site "Capoliveri ITA"]
[Date "2009.05.??"]
[Round "2"]
[White "Pulito, Alberto"]
[Black "Petrolo, Mauro"]
[Result "1-0"]
[WhiteElo "2256"]
[BlackElo "1946"]
[PlyCount "57"]
[EventDate "2009.05.10"]

1. e4 d6 2. d4 Nf6 3. Nc3 e5 4. Nf3 Nbd7 5. Bc4 Be7 6. O-O O-O 7. a4 c6 8. Re1
exd4 9. Qxd4 Ne5 10. Be2 Qc7 11. h3 Nfd7 12. Nxe5 dxe5 13. Qe3 Nc5 14. Qg3 Ne6
15. Be3 Bd7 16. Bc4 Rad8 17. h4 Kh8 18. h5 h6 19. Ne2 Ng5 20. Bd3 Be6 21. Kh1
Nh7 22. f4 f6 23. Rf1 b6 24. Qh2 c5 25. Ng3 c4 26. Be2 Bc5 27. Bc1 exf4 28. Nf5
Be3 29. Nxe3 1-0

[Event "XXVII Festival Isola d'Elba A"]
[Site "Capoliveri ITA"]
[Date "2009.05.??"]
[Round "2"]
[White "Ricci, Alfredo"]
[Black "Molina, Fabrizio"]
[Result "0-1"]
[WhiteElo "2024"]
[BlackElo "2240"]
[PlyCount "64"]
[EventDate "2009.05.10"]

1. e4 e6 2. d4 d5 3. Nd2 Be7 4. Ngf3 Nf6 5. Bd3 c5 6. c3 Nc6 7. e5 Nd7 8. a3 g5
9. b4 cxd4 10. cxd4 g4 11. b5 gxf3 12. bxc6 bxc6 13. Qxf3 c5 14. O-O cxd4 15.
Re1 Rb8 16. Qg4 Nc5 17. Bxh7 Kd7 18. Bc2 Rh4 19. Qd1 d3 20. Bb1 Ba6 21. g3 Qg8
22. Nf3 Re4 23. Be3 Qg4 24. Ba2 Na4 25. Kg2 Nc3 26. Qd2 Ne2 27. Rab1 Rh8 28.
Qa5 Ra4 29. Qd2 d4 30. Rxe2 dxe2 31. Bb3 Qh3+ 32. Kg1 Qf1+ 0-1

[Event "XXVII Festival Isola d'Elba A"]
[Site "Capoliveri ITA"]
[Date "2009.05.??"]
[Round "2"]
[White "Schiappoli, Dario"]
[Black "Acunzo, Domenico"]
[Result "1-0"]
[WhiteElo "1959"]
[BlackElo "1830"]
[PlyCount "59"]
[EventDate "2009.05.10"]

1. e4 e6 2. Nf3 d5 3. e5 c5 4. b4 cxb4 5. d4 Nc6 6. Bd3 Bd7 7. Be3 Nge7 8. g4
Ng6 9. h4 Be7 10. h5 Nh4 11. Nxh4 Bxh4 12. Nd2 h6 13. Nf3 Be7 14. Qd2 Qb6 15.
O-O O-O-O 16. Rfb1 g6 17. hxg6 fxg6 18. a3 Rdf8 19. Be2 g5 20. axb4 h5 21. b5
Nb8 22. Nxg5 hxg4 23. Bxg4 Bxg5 24. Bxg5 Bxb5 25. Qc3+ Kd7 26. Qb4 Rf7 27.
Qxb5+ Qxb5 28. Rxb5 Ke8 29. Bxe6 Rfh7 30. Bxd5 1-0